000 00473nam a2200145Ia 4500
008 190228s9999 xx 000 0 und d
020 _a9781119404477
100 _aWight, Oliver.
245 _cOliver Wight International, Inc.--
_aThe Oliver Wight class A standard for business excellence /
250 _a7th ed
260 _aNew Jersey :
_bJohn Willey & Sons
_c2017
300 _axxiii, 145 pages.
650 _aStrategic planning.
650 _aTotal quality management.
999 _c361292
_d361292